Statistics for Townsville Knowledge 3

Click here to take the quiz!

General Stats

  • This quiz has been taken 3 times
  • The average score is 9 of 15

Answer Stats

QuestionAnswer% Correct
What suburb is Brothers Rugby located in?Cranbrook
100%
What suburb is the Av Tav in?Kirwan
100%
What suburb is the Ross Island Hotel in?South Townsville
100%
What suburb is Illich Park in?Aitkenvale
50%
What suburb is Tom's Tavern in?Aitkenvale
50%
What suburb is Leyland Street in?Garbutt
50%
What suburb is Roberts Street in?Hermit Park
50%
What suburb is Golf Links Drive in?Kirwan
50%
What suburb is Greenwood Park in?Kirwan
50%
What suburb is Brothers cricket located in?Kirwan
50%
What suburb is Brothers soccer located in?Mount Louisa
50%
What suburb is O'Reilly Street in?Mundingburra
50%
What suburb is Sheriff Park in?Mundingburra
50%
What suburb is the Centenary Hotel in?Pimlico
50%
What suburb is Western Lions Rugby League located in?Heatley
0%

Score Distribution

Percentile by Number Answered

Percent of People with Each Score

Your Score History

You have not taken this quiz